10 Motorsports Trivia Questions #1 - Statistics

General Stats
  • This quiz has been taken 18 times
  • The average score is 4 of 10
Answer Stats
Hint Answer % Correct
As of 2026, name one driver that is tied for the most Formula 1 World Championships? Michael Schumacher/Lewis Hamilton
94%
What color was the "Marmon Wasp", the car that won the very first Indianapolis 500 in 1911? Yellow
61%
Which manufacturer has the most consecutive victories at the 24 Hours of Le Mans? Porsche
56%
Who is the only driver to win the Formula 1 World Championship posthumously? Jochen Rindt
50%
What is the maximum number of cars that typically start the Indianapolis 500? 33
39%
Who was the first woman to score points in a Formula 1 Grand Prix? Lella Lombardi
39%
Which track is known as the "World’s Fastest Half Mile" Bristol Motor Speedway
28%
Which NASCAR driver is nicknamed "The Intimidator"? Dale Earnhardt Sr
28%
What is the name of the motokross-style section of 10 or more tiny jumps in a row? The Whoops
22%
In 1968, the Lotus F1 team was the first to feature sponsorship on their cars. Who was their sponsor? Gold Leaf
17%
No matching quizzes found
Score Distribution
Percent of People with Each Score
Percentile by Number Answered
Your Score History
You have not taken this quiz